| 000 | 01232nam a2200253 i 4500 | ||
|---|---|---|---|
| 003 | EG-ScBUE | ||
| 005 | 20240708131208.0 | ||
| 008 | 110221s1975 ua f b 000 0 ara d | ||
| 040 |
_aEG-ScBUE _bara _erda _cEG-ScBUE _dEG-ScBUE |
||
| 082 | 0 | 4 |
_a909.097492705 _bش ي خ _222 |
| 100 | 1 |
_922252 _aشيخ، رأفت غنيمي، _d1934- _eمؤلف. |
|
| 245 | 1 | 0 |
_aفي تاريخ العرب الحديث وجهاد الأندلسيين / _cتأليف الدكتور رأفت غنيمي الشيخ، أستاذ التاريخ الحديث والمعاصر وعميد كلية الآداب، جامعة الزقازيق. |
| 264 | 1 |
_aالقاهرة : _bدار الثقافة للطباعة والنشر، _c[1975] |
|
| 300 |
_a416 صفحة ؛ _c24 سم |
||
| 336 |
_2rdacontent _aنص _btxt |
||
| 337 |
_aبدون وسيط _2rdamedia _bn |
||
| 338 |
_aمجلد _bnc _2rdacarrier |
||
| 504 | _aيشتمل على إرجاعات ببليوجرافية. | ||
| 651 | 7 |
_aالدول العربية _xتاريخ _yالعصر العثماني. _2BUEsh |
|
| 651 | 7 |
_aالدول العربية _xتاريخ _yالعصر الحديث. _2BUEsh |
|
| 651 | 7 |
_aالأندلس _xتاريخ. _2BUEsh |
|
| 655 | _vReading book | ||
| 942 |
_2ddc _cBB |
||
| 999 |
_c14952 _d14952 |
||